Chappell Roan - Paroles The Giver - Statistiques

Statistiques générales
  • Ce quiz a été pris 28 fois
  • Le résultat moyen est 245 sur 310
Statistiques - réponses
Hint Réponse % Correct
a
100%
giver
100%
I
100%
If
92%
like
92%
no
92%
on
92%
the
92%
to
92%
To
92%
you
92%
You
92%
Couplet 1 Ain't
85%
ain't
85%
baby
85%
baby,
85%
boy
85%
Refrain 'Cause
85%
'Cause,
85%
country
85%
deliver
85%
do
85%
got
85%
I'm
85%
in
85%
it
85%
It's
85%
just
85%
me,
85%
me
85%
my
85%
Bridge Na
85%
na
85%
na,
85%
nature
85%
need
85%
Pré-refrain So,
85%
So
85%
take
85%
taker
85%
tell
85%
When
85%
But
77%
call
77%
Call
77%
can
77%
done
77%
done)
77%
get
77%
how
77%
hurry
77%
job
77%
quitter
77%
yeah
77%
And
69%
gotta
69%
is
69%
know
69%
night
69%
(She
69%
that
69%
who
69%
all
62%
around
62%
don't
62%
fingers
62%
Friday
62%
gets
62%
have
62%
sure
62%
walls
62%
Yes,
62%
yes,
62%
antlers
54%
had
54%
look
54%
ma'am,
54%
man
54%
one
54%
pick
54%
touch
54%
truck
54%
up
54%
bars
46%
boys
46%
calls
46%
close
46%
eyes
46%
From
46%
Couplet 2 Girl,
46%
Good
46%
lifted
46%
long
46%
map
46%
mating
46%
may
46%
never
46%
of
46%
stalls
46%
this
46%
welcome
46%
wrapped
46%
You're
46%
cowgirl
38%
dreams
38%
finding
38%
has
38%
loud
38%
luck
38%
means
38%
other
38%
rhinestone
38%
town
38%
mall
31%
Revvin'
31%
strip
31%
Aucun quiz correspondant
Distribution des résultats
% des personnes avec chaque résultat
Percentile par nombre de réponses
Votre historique - résultats
Vous n’avez pas pris ce quiz